000 00278nam a22000977a 4500
008 231128b |||||||| |||| 00| 0 eng d
082 _aDG /
_bTROC
100 _aTroisi, Licia
_eAutor
_943019
245 _aLa chica Dragón:
_bLa herencia de thuban /
_cLicia Troisi
942 _2ddc
999 _c30448
_d16832